A taxing question (Record no. 64204)

MARC details
000 -LEADER
fixed length control field 01264cam a2200253 4500
001 - CONTROL NUMBER
control field ABS62653
008 - FIXED-LENGTH DATA ELEMENTS--GENERAL INFORMATION
fixed length control field 000000n2000 000 0 eng u
035 ## - SYSTEM CONTROL NUMBER
System control number (Sirsi) u107378
100 ## - MAIN ENTRY--PERSONAL NAME
Personal name Evans, B.
245 #2 - TITLE STATEMENT
Title A taxing question
260 ## - PUBLICATION, DISTRIBUTION, ETC.
Date of publication, distribution, etc. 2000
490 ## - SERIES STATEMENT
Series statement Town & Country Planning
Volume/sequential designation 69(7/8) July/August 2000, 216-217(2)
520 ## - SUMMARY, ETC.
Summary, etc. Outlines the aims and recommendations of a seminar-based study examining the contribution of economic instruments in support of planning policy, and in particular housing development. Seminar discussions focussed on securing housing development from greenfield to brownfield land, and exploring the options for ensuring environmental costs of new development through the use of economic instruments. References. "A taxing question: the contribution of economic instruments of planning objectives" Price £7.50. Tel. 020 7930 8903 Email: [email protected]
590 ## - LOCAL NOTE (RLIN)
Local note ABS
650 ## - SUBJECT ADDED ENTRY--TOPICAL TERM
Topical term or geographic name entry element PLANNING POLICY
650 ## - SUBJECT ADDED ENTRY--TOPICAL TERM
Topical term or geographic name entry element HOUSING DEVELOPMENT
650 ## - SUBJECT ADDED ENTRY--TOPICAL TERM
Topical term or geographic name entry element ECONOMIC INSTRUMENTS
650 ## - SUBJECT ADDED ENTRY--TOPICAL TERM
Topical term or geographic name entry element ENVIRONMENTAL COSTS
650 ## - SUBJECT ADDED ENTRY--TOPICAL TERM
Topical term or geographic name entry element TAXATION POLICY
650 ## - SUBJECT ADDED ENTRY--TOPICAL TERM
Topical term or geographic name entry element URBAN TASK FORCE
650 ## - SUBJECT ADDED ENTRY--TOPICAL TERM
Topical term or geographic name entry element TOWN AND COUNTRY PLANNING ASSOCIATION
690 ## - LOCAL SUBJECT ADDED ENTRY--TOPICAL TERM (OCLC, RLIN)
Topical term or geographic name as entry element ENVIRONMENTAL AND LAND CONSULTANCY-PLANNING AND DEVELOPMENT
942 ## - ADDED ENTRY ELEMENTS (KOHA)
Suppress in OPAC 0
Holdings
Withdrawn status Lost status Source of classification or shelving scheme Damaged status Not for loan Home library Current library Shelving location Date acquired Total Checkouts Full call number Barcode Date last seen Copy number Price effective from Koha item type
    Dewey Decimal Classification     London London Journal article 28/07/2000   ABS62653 107378-1001 06/08/2019 1 06/08/2019 Journal article